La ronda.

Gespeichert in:
Bibliographische Detailangaben
1. Verfasser: Mistral, Gabriela, 1889-1957 Godoy Alcayaga, Lucila (autora)
Weitere Verfasser: Hojas, Isabel (ilustraciones)
Format: Unbekannt
Sprache:Englisch
Veröffentlicht: [Santiago, Chile]: Amanuta, 2022
Ausgabe:Primera edición.
Schriftenreihe:Colección BB.
Schlagworte:
Tags: Tag hinzufügen
Keine Tags, Fügen Sie den ersten Tag hinzu!

MARC

LEADER 00000 a2200000 4500
003 CL-VaPUC
005 20241016095656.0
008 230905t2022 ||||| |||| 00| 0 eng d
999 |c 441669  |d 441667 
020 |a 978-956-364-287-2 
040 |c Pontificia Universidad Católica de Valparaíso 
082 |2 22  |a Ch861 MIS 2022 
100 |a Mistral, Gabriela,  |d 1889-1957  |e autora  |q Godoy Alcayaga, Lucila  |9 866296 
245 |a La ronda.  
250 |a Primera edición.  
260 |a [Santiago, Chile]:  |b Amanuta,   |c 2022 
300 |a [15] páginas: ilustraciones.  
490 |a Colección BB.  
583 |k GC  |c 20230905 
650 0 |a Poesía infantil chilena   |y Siglo 20   |x Ronda infantil   |9 884476 
700 |9 884475  |a Hojas, Isabel   |e ilustraciones 
942 |2 ddc  |c BK 
952 |0 0  |1 0  |2 ddc  |4 0  |6 CH_861_000000000000000_MIS_2022  |7 0  |8 A  |9 591410  |a BIBEDU  |b BIBEDU  |c GEN  |d 2023-09-01  |e 13  |g 8993.00  |i 5658539  |l 1  |o Ch861 MIS 2022  |p 5658539  |r 2024-03-25  |s 2024-03-18  |t 1  |v 8993.00  |w 2023-09-01  |y BK  |k PAR